| 000 | 01440cam a2200409 a 4500 | ||
|---|---|---|---|
| 999 |
_c50417 _d50417 |
||
| 001 | 2145886 | ||
| 005 | 20200219170537.0 | ||
| 008 | 980427s1999 txua b 001 0 eng d | ||
| 010 | _a 98085629 | ||
| 015 | _aGB99-19831 | ||
| 020 | _a0030332222 | ||
| 035 | _a(OCoLC)40699479 | ||
| 040 |
_aOAU _cOAU _dUk _dDLC |
||
| 041 | _a eng | ||
| 042 | _alccopycat | ||
| 050 | 0 | 4 |
_aQH430 _b.A86 1999 |
| 080 | _a575 A-90 | ||
| 082 | 0 | 0 | _2 |
| 100 | 1 |
_aAtherly, Alan G. _97184 |
|
| 245 | 1 | 4 |
_aThe science of genetics / _cAlan G. Atherly, Jack R. Girton, John F. McDonald. |
| 264 |
_aFort Worth : _bSaunders College Publishing, _cc1999. |
||
| 300 |
_axxiii, 704, [48] p. : _bcol. ill. ; _c29 cm. |
||
| 500 | _aCol. ill. on end papers. | ||
| 504 | _aIncludes bibliographical references and index. | ||
| 650 | 0 |
_aGenetics. _97185 |
|
| 650 | 0 |
_aMolecular genetics. _97114 |
|
| 650 | 0 |
_aEvolutionary genetics. _97186 |
|
| 650 | 4 |
_aGenetics. _97185 |
|
| 653 | _aგენეტიკა | ||
| 653 | _a ევოლუციური გენეტიკა | ||
| 700 | 1 |
_aGirton, Jack R. _97187 |
|
| 700 | 1 |
_aMcDonald, John F. _q(John Francis), _d1947- _97188 |
|
| 856 | 4 | 1 |
_3Table of contents only _uhttp://www.loc.gov/catdir/enhancements/fy1514/98085629-t.html |
| 906 |
_a7 _bcbc _ccopycat _d2 _eopcn _f19 _gy-gencatlg |
||
| 942 |
_2udc _cBK |
||
| 955 | _aps02,04/02/99,to cat.; jc00 04-16-99; jc09 04-30-99; jc01 05-12-99; jc03 05-18-99 | ||